01676nam a2200241Ia 4500001000600000003000900006008004100015040001300056040001300069041001300082100002100095100002900116245001700145245001700162250001100179260001100190260002000201260004900221300005500270500105400325650002401379650003101403H5552IT-RoPAU130308s9999 xx 000 0 und d aIT-RoPAU cIT-RoPAU aITALIANO aCastoldi Alberto gCodice Aut. SPICS: 52233 aBibliofollia bBibliofollia a1a ed. aMILANO bMondadori Bruno c2004 [1° Ed.:2004 - Ed.Ling.Originale:2004] a"90 p. (prefazione: no ; testo: 90 [pagine: 0-0])" aLutto della Scrittura. Lo Scrittore Assassino. I libri mai Nati. La Biblioteca Come Rifugio. Le Biblioteche Distrutte. Il culto dei Libri. Bibliofilia/Bibliomania. Bibliofagi. Libricite'. I Falsari. Il Libro che Uccide. strategie di Lettura.Folli di libri fino a Uccidere. Sono tante e Perverse e Imprevedibili le conseguenze di una passione Divorante, Bulimica, Dalle conseguenze Morbose,Sobbillata da visioni totalizzanti e Incalzata da Presagi Solipsistici. Come Devastanti e Assoluti possono Rivelarsi gli Effetti della Scrittura: finalmente una Realtà Dove Il Delirio Esiste. Arroccata in Un'Impotenza Smaniosa di Storie, la Figura del Bibliomane è Il Frutto Degenerato di una Cultura Risucchiata nel buco Nero dell'Entropia e insieme Il prodotto dell'editoria di Massa contro la Quale L'Intellettuale Reagisce in un Isolamento Sempre Piu' Esoterico. I Racconti di Flaubert, Nodier e Louys Innescano un Altro Racconto, Piu' Oscuro, Dai Risvolti Capziosi a Corteggiare le visioni dell'Ignoto, Dove Aligna l'anima Inquieta della Bibliofollia. aSAGGI SULL'EDITORIA eCodice materia Spics: 6611